000 00758nac a22002411u 4500
010 _a 2007278386
020 _a9781418836184 (pbk.)
020 _a1418836184 (pbk.)
035 _a(OCoLC)ocn145553744
082 _a005.133
_bZAk
090 _c8702
_d8702
100 _aZak, Diane.
245 1 3 _aAn introduction to programming with C++ /
_cDiane Zak
250 _a5th ed.
260 _aBoston, Mass. :
_bThomson Course Technology,2008.
_cc2008.
300 _axxviii, 916 p. :
_bill. ;
_c28 cm.
500 _aIncludes index
500 _aDistributer: Bacca
511 _aCatalogued by: Sara
650 0 _aC++ (Computer program language)
650 0 _aComputer programming.
942 _cBB
_k005.133ZAK
999 _c8702
_d8702